Danzas de ballet "estancia"; partitura /

Guardado en:
Autor Principal: Ginastera, Alberto
Formato: Libro
Publicado: Argentina : Barry, 1968
Materias:
Etiquetas: Agregar Etiqueta
Sin Etiquetas, Sea el primero en etiquetar este registro!
LEADER 00469nam a22001695a 4500
001 CEM.cems002915
005 19000101000000.0
008 130507s1968##################000#0#####d
003 CEMS
082 0 4 |a 782.9 
100 1 |a Ginastera, Alberto 
245 1 0 |a Danzas de ballet "estancia"; partitura /  |c Alberto Ginastera 
260 |a Argentina :  |b Barry,  |c 1968 
300 |a 68 p. 
653 |a Ballet 
653 |a Musica 
859 |a CEMS  |b BIB. CEMS - 11 de abril  |h 782.9  |i G43  |p 11913.83  |t Ej.1